00301nam a2200109Ia 4500003000400000008004100004100001900045245006200064260003900126300000800165650001800173OSt191201s2012 xx 000 0 und d aHELFAND, Lewis 0aAbraham Lincoln From the Log Cabin to the White House  bKALYANI NAVYUG MEDIA PVT LTDc2012 a105 aGeneral Books